Focus sur: Thorondor - Tolkien - Statistiques

Statistiques générales
  • Ce quiz a été pris 10 fois
  • Le résultat moyen est 5 sur 8
Statistiques - réponses
Informations recherchées Réponses % Correct
Espèce Aigle
100%
Première apparition Le Silmarillion
100%
Profession et titre Roi des Aigles
88%
Gondolin
63%
Maître Manwë
63%
Contrées Valinor
63%
Monts Taniquetil
13%
Crissaegrim
0%
Aucun quiz correspondant
Distribution des résultats
% des personnes avec chaque résultat
Percentile par nombre de réponses
Votre historique - résultats
Vous n’avez pas pris ce quiz